000 01255njm a22002897a 4500
005 20100914110842.0
006 a|||||r|||||00| 0
007 sd ammalaaahaa
008 100907t xxu||||| |||| 00| 0 eng d
028 _a7EPE. 7082
_bPolydor
035 _aGR-02398
100 _aKishore Kumar
_918693
245 _aZehreela insaan /
_cby Kishore Kumar, Asha Bhosle & Shailendra Singh ; music by Rahul Dev Burman ; Lyrics by Majrooh
_h[Sound recording]
246 _aज़हरीला इंसान (किशोर कुमार, आशा भोसले & शैलेन्द्र सिंह)
260 _aDum Dum, India
_bPolydor
_c1974
300 _a1 sound disc [Gramophone Recording]
_banalog, 45 rpm ;
_c7 in. (MP)
_fGramaphone Records
500 _aBrief record
500 _aRecord Labels : Polydor, Red
505 _aSide-1 O Hansni (ओ हंसनी), Side-2 Ye silsila (ये सिलसिला)
650 _aClassical music
_xExcerpts
_zIndia
_918694
_vFilm song
700 _aBhosle, Asha
_919043
700 _aShailendra Singh
_919670
700 _919044
_aBurman, Rahul Dev
700 _919202
_aMajrooh
942 _2ddc
_cGR
999 _c45582
_d45582